000 00841nam a2200241 i 4500
001 185418
003 SpMaBN
005 20250808040859.0
008 160601s1987 sp ao |||| | spa d
020 _a84-206-7063-4
080 _a7.031.8(72)
100 1 _aWestheim, Paul.
_9116568
245 1 0 _aIdeas fundamentales del arte prehispánico en México /
_cPaul Westheim ; versión española de Marina [i.e. Mariana] Frenk.
260 _aMadrid :
_bAlianza Editorial ;
_aMéxico :
_bEra,
_c[1987]
300 _a327 p. :
_bil. col. y n., fot. ;
_c23 cm.
490 1 _aAlianza forma ;
_v63
504 _aÍndices.
650 0 7 _aArte precolombino-
_zMéxico.
_910268
700 1 _aFrenk, Mariana.
_952509
830 0 0 _aAlianza forma
_v63
_9177869
852 _aES-MaACL
_jL-30304
_z. - Donat. Miguel A. Velasco
999 _c185418
_d185418